000 01009cam a22001814a 4500
005 20250605164357.0
008 250528s ||||||||||||||||||||||||d
035 _a24414
040 _aGR-AtMCL
_bgre
_dGR-AtMCL
_eAACR2
245 1 _aPackaging Focus / With Contributions from the Healthcare Distribution Association's Martin Sawer and Medicines for Europe's Maarten Van Baelen and Johan Verhaeghe and Deloitte's Micael Lopes and Michael A Graf
260 _bRussel Publishing Ltd,
_c2016
300 _a56
520 _aMicrobiology Focus: David P Elder and Paul Newby of GlaxoSmithKline and Tim Sandle and Bio Products Laboratory Provide Their Insights into Pharmaceutical Microbiology, Antibiotics Resistance: Clinical Microbiologist Dr. Bjorn Herpers Describes how a Novel Endolysin Product Manufactured by Dutch Firm Micreos Could Relace Antibiotics in Treating Drug-Resistant Infections.
700 1 _aRichards Caroline
_99463
942 _cCR
999 _c9297
_d9297